000
00297nam a22001217a 4500
003
SGT
082
_a
658.4038011 SIN
100
_a
SINGH,VISHNU PRIYA
245
_a
QUINTESSENTIAL COURSE TALLY. ERP 9
250
_a
1ST
260
_a
NEW DELHI
_b
COMPUTECH PUBLICATIONS LIMITED
_c
2016
942
_2
ddc
_c
CD
999
_c
10780
_d
10780